[Event "Madrid Alcorcon op 1st"]
[Site "Madrid"]
[Date "2022.12.26"]
[Round "2"]
[White "Martinez Garcia, Ruben"]
[Black "Martin Duque, Jesus"]
[Result "0-1"]
[WhiteElo "1971"]
[BlackElo "2379"]
[PlyCount "62"]
[EventDate "2022.12.26"]
[EventType "swiss"]
[EventRounds "9"]
[EventCountry "ESP"]
[SourceTitle "CBM 212 Extra"]
[Source "ChessBase"]
[SourceDate "2023.03.31"]
[SourceVersion "1"]
[SourceVersionDate "2023.03.31"]
[SourceQuality "1"]

1. e4 d5 2. exd5 Qxd5 3. Nc3 Qa5 4. d4 Nf6 5. Nf3 Bf5 6. Bd3 e6 7. 0-0 Bb4 8. Ne5 Bxd3 9. Qxd3 Bxc3 10. bxc3 0-0 11. Rb1 Nc6 12. Re1 Rfd8 13. Rxb7 Nxd4 14. Qc4 Nxc2 15. Nc6 Qh5 16. Nxd8 Nxe1 17. Qxc7 Nd3 18. h3 Nxc1 19. Nxe6 Ne8 20. Qc6 Qd1+ 21. Kh2 Qd6+ 22. Qxd6 Nxd6 23. Rd7 fxe6 24. Rxd6 Nxa2 25. c4 a5 26. Rxe6 a4 27. c5 Nb4 28. c6 Kf7 29. Rd6 Ra7 30. Rd7+ Rxd7 31. cxd7 Nc6 0-1

[Event "Pontevedra op-A 10th"]
[Site "Pontevedra"]
[Date "2022.07.29"]
[Round "8"]
[White "Martinez Garcia, Ruben"]
[Black "Vidal del Rio, Diego"]
[Result "1-0"]
[WhiteElo "1992"]
[BlackElo "2041"]
[PlyCount "81"]
[EventDate "2022.07.24"]
[EventType "swiss"]
[EventRounds "9"]
[EventCountry "ESP"]
[SourceTitle "EXT 2023"]
[Source "ChessBase"]
[SourceDate "2022.10.05"]
[SourceVersion "1"]
[SourceVersionDate "2022.10.05"]
[SourceQuality "1"]

1. e4 c6 2. d4 d5 3. e5 c5 4. dxc5 e6 5. Bd3 Bxc5 6. Qg4 Ne7 7. Nf3 Nbc6 8. 0-0 Ng6 9. Re1 Qb6 10. Qg3 Nb4 11. Nc3 Nxd3 12. cxd3 Bd7 13. h4 Ne7 14. d4 Bxd4 15. Nxd4 Qxd4 16. Be3 Qd3 17. Qxg7 Rg8 18. Rad1 Qf5 19. Qf6 Qxf6 20. exf6 Nf5 21. Bf4 Nxh4 22. Bg3 Nf5 23. Nxd5 Nxg3 24. fxg3 Rd8 25. Nc7+ Kf8 26. Re3 Rg6 27. Red3 Rxf6 28. Rxd7 Rxd7 29. Rxd7 Rf5 30. a4 a6 31. Na8 b5 32. Rd4 Rc5 33. Nb6 Ke7 34. a5 Rc7 35. b4 f5 36. g4 e5 37. Nd5+ Kd6 38. Nxc7+ exd4 39. Nxa6 d3 40. Kf2 fxg4 41. Nc5 1-0

[Event "Pontevedra op-A 10th"]
[Site "Pontevedra"]
[Date "2022.07.25"]
[Round "2"]
[White "Vidal del Rio, Manuel"]
[Black "Martinez Garcia, Ruben"]
[Result "1/2-1/2"]
[WhiteElo "2092"]
[BlackElo "1992"]
[PlyCount "122"]
[EventDate "2022.07.24"]
[EventType "swiss"]
[EventRounds "9"]
[EventCountry "ESP"]
[SourceTitle "EXT 2023"]
[Source "ChessBase"]
[SourceDate "2022.10.05"]
[SourceVersion "1"]
[SourceVersionDate "2022.10.05"]
[SourceQuality "1"]

1. e4 c5 2. Nf3 d6 3. Bb5+ Nc6 4. 0-0 Nf6 5. Re1 Bd7 6. c3 a6 7. Bf1 e5 8. d4 cxd4 9. cxd4 Bg4 10. d5 Nd4 11. Be3 Nxf3+ 12. gxf3 Bh5 13. Nd2 Be7 14. Qb3 Qd7 15. Rac1 0-0 16. Rc2 Ne8 17. Rec1 h6 18. a4 Bg5 19. Bxg5 hxg5 20. Nc4 Qe7 21. Nb6 Rd8 22. Bh3 g6 23. Nc8 Qf6 24. Qe3 Qf4 25. Nb6 Qxe3 26. fxe3 Bxf3 27. Nd7 g4 28. Nxf8 gxh3 29. Rc8 Rxc8 30. Rxc8 Kxf8 31. Rb8 Bxe4 32. Rxb7 Bxd5 33. Rb6 Bc4 34. b3 Bd3 35. Kf2 Ke7 36. Kg3 Kd7 37. Rb7+ Nc7 38. Kxh3 Kc6 39. Rb8 Nd5 40. Rf8 Bc2 41. Rc8+ Nc7 42. Rb8 Bd1 43. Kg3 Nd5 44. Kf2 Kc7 45. Rf8 Bxb3 46. Rxf7+ Kc6 47. Rg7 Bxa4 48. Rxg6 Bc2 49. Rg1 a5 50. h4 a4 51. h5 Kb5 52. Ke2 a3 53. Kd2 Be4 54. h6 a2 55. Ra1 Nb4 56. Kc3 Bb1 57. Kb2 Nd3+ 58. Kc3 Nb4 59. Kb2 Nd3+ 60. Kc3 Nc1 61. Kb2 Nd3+ 1/2-1/2

[Event "Pontevedra op-A 10th"]
[Site "Pontevedra"]
[Date "2022.07.24"]
[Round "1"]
[White "Martinez Garcia, Ruben"]
[Black "Fernandez Lopez, Ruben"]
[Result "0-1"]
[WhiteElo "1992"]
[BlackElo "2324"]
[PlyCount "74"]
[EventDate "2022.07.24"]
[EventType "swiss"]
[EventRounds "9"]
[EventCountry "ESP"]
[SourceTitle "EXT 2023"]
[Source "ChessBase"]
[SourceDate "2022.10.05"]
[SourceVersion "1"]
[SourceVersionDate "2022.10.05"]
[SourceQuality "1"]

1. e4 c5 2. Nf3 d6 3. d4 cxd4 4. Nxd4 Nf6 5. Nc3 Nc6 6. Bc4 e6 7. Be3 Be7 8. 0-0 0-0 9. Qe2 Bd7 10. Rad1 a6 11. a4 Rc8 12. f4 Qc7 13. Ba2 Nxd4 14. Bxd4 e5 15. fxe5 dxe5 16. Nd5 Nxd5 17. exd5 Bd6 18. Bc3 Bxa4 19. Rfe1 Rce8 20. Qe4 Bd7 21. Bb4 Qb6+ 22. Kh1 Qxb4 23. c4 f5 24. Qc2 b6 25. Re3 f4 26. Rc3 Ba4 27. b3 Bd7 28. c5 bxc5 29. Rc4 Qb6 30. b4 Rc8 31. bxc5 Rxc5 32. Rb1 Rxc4 33. Qxc4 Bb5 34. Qe4 Qe3 35. Qc2 f3 36. Bc4 fxg2+ 37. Kxg2 Qf3+ 0-1

[Event "Alcorcon Diagonal op 1st"]
[Site "Alcorcon"]
[Date "2022.02.05"]
[Round "4"]
[White "Lozano Freras, Sergio"]
[Black "Martinez Garcia, Ruben"]
[Result "1-0"]
[WhiteElo "1975"]
[BlackElo "1851"]
[PlyCount "63"]
[EventDate "2022.01.15"]
[EventType "swiss"]
[EventRounds "7"]
[EventCountry "ESP"]
[SourceTitle "EXT 2023"]
[Source "ChessBase"]
[SourceDate "2022.10.05"]
[SourceVersion "1"]
[SourceVersionDate "2022.10.05"]
[SourceQuality "1"]

1. e4 c5 2. Nf3 d6 3. d4 cxd4 4. Nxd4 Nf6 5. Nc3 a6 6. h3 e5 7. Nde2 Be6 8. g4 h6 9. Bg2 Nbd7 10. Ng3 Qc7 11. Nd5 Bxd5 12. exd5 Rc8 13. c3 Qc4 14. Qb3 b5 15. Be3 Nc5 16. Qxc4 bxc4 17. Bxc5 Rxc5 18. 0-0-0 Kd7 19. Nf5 g6 20. Ne3 Be7 21. h4 h5 22. g5 Ng4 23. Bh3 Kc7 24. Bxg4 hxg4 25. Nxg4 Rxh4 26. Rxh4 Bxg5+ 27. f4 Bxh4 28. fxe5 Kd7 29. Kc2 Ke7 30. b4 cxb3+ 31. axb3 Rc7 32. c4 1-0

[Event "La Roda op 47th"]
[Site "La Roda"]
[Date "2021.12.04"]
[Round "1"]
[White "Chatalbashev, Boris"]
[Black "Martinez Garcia, Ruben"]
[Result "1-0"]
[WhiteElo "2517"]
[BlackElo "1898"]
[PlyCount "93"]
[EventDate "2021.12.04"]
[EventType "swiss"]
[EventRounds "9"]
[EventCountry "ESP"]
[SourceTitle "CBM 205 Extra"]
[Source "ChessBase"]
[SourceDate "2022.01.31"]
[SourceVersion "1"]
[SourceVersionDate "2022.01.31"]
[SourceQuality "1"]

1. d4 Nf6 2. c4 g6 3. Nc3 Bg7 4. e4 d6 5. Bd3 0-0 6. Nge2 Nbd7 7. 0-0 e5 8. d5 Nc5 9. Bc2 Ne8 10. b4 Na6 11. Rb1 f5 12. exf5 Bxf5 13. Ne4 Nf6 14. N2g3 Nxe4 15. Nxe4 Qe8 16. Ng5 Rf6 17. Bxf5 gxf5 18. f4 h6 19. Ne6 Rxe6 20. dxe6 Qxe6 21. Qd5 Qxd5 22. cxd5 Re8 23. Rb3 exf4 24. Bxf4 Re4 25. a3 Rd4 26. Be3 Rxd5 27. Bxa7 Kh7 28. Re3 c5 29. Re7 cxb4 30. axb4 b5 31. g4 Nxb4 32. gxf5 Nc6 33. Rc7 Nxa7 34. f6 Rg5+ 35. Kh1 Kh8 36. fxg7+ Rxg7 37. Rf8+ Kh7 38. Rff7 Rxf7 39. Rxf7+ Kg6 40. Rxa7 Kf5 41. Rb7 d5 42. Kg2 Ke4 43. Kf2 Kd3 44. Rxb5 Kc4 45. Rb6 h5 46. Ke3 d4+ 47. Ke4 1-0

[Event "Madrid-ch U12"]
[Site "Madrid"]
[Date "2019.04.06"]
[Round "6"]
[White "Lozano Hernanz, Rodrigo"]
[Black "Martinez Garcia, Ruben"]
[Result "0-1"]
[WhiteElo "1338"]
[BlackElo "1128"]
[PlyCount "114"]
[EventDate "2019.03.30"]
[EventType "swiss"]
[EventRounds "6"]
[EventCountry "ESP"]
[SourceTitle "EXT 2021"]
[Source "ChessBase"]
[SourceDate "2020.10.23"]
[SourceVersion "1"]
[SourceVersionDate "2020.10.23"]
[SourceQuality "1"]

1. e4 c5 2. Nf3 Nc6 3. d4 cxd4 4. Nxd4 Nf6 5. Nxc6 bxc6 6. Nc3 e6 7. Bd3 Bb4 8. Bd2 Bb7 9. e5 Nd5 10. Nxd5 Bxd2+ 11. Qxd2 cxd5 12. 0-0 Rc8 13. f4 Ba8 14. Kh1 0-0 15. g4 Qb6 16. f5 Qb7 17. Rae1 f6 18. fxe6 fxe5 19. e7 Rxf1+ 20. Bxf1 d4+ 21. Bg2 Qxg2+ 22. Qxg2 Bxg2+ 23. Kxg2 d6 24. c3 d3 25. Rd1 e4 26. Rf1 Re8 27. Rf8+ Rxf8 28. exf8Q+ Kxf8 29. Kf2 g5 30. b4 d2 31. Ke2 e3 32. a4 Ke7 33. c4 Kd7 34. b5 Kc7 35. a5 Kb7 36. Kd1 h6 37. Ke2 Kc7 38. h3 Kd7 39. a6 Kc7 40. Kd1 Kb6 41. Ke2 d5 42. cxd5 Kxb5 43. d6 Kc6 44. d7 Kxd7 45. Kd1 Kc6 46. Ke2 Kb6 47. Kd1 Kxa6 48. Kc2 Kb6 49. Kd1 a5 50. Kc2 Kc6 51. Kd1 Kd6 52. Kc2 Ke6 53. Kd1 a4 54. h4 gxh4 55. Kc2 a3 56. Kb1 d1Q+ 57. Ka2 Qc1 0-1